| 000 | 01190nam a2200325Ia 4500 | ||
|---|---|---|---|
| 003 | OSt | ||
| 005 | 20221007123909.0 | ||
| 006 | a|||||r|||| 00| 0 | ||
| 007 | ta | ||
| 008 | 221006b |||||||| |||| 00| 0 eng d | ||
| 020 | _a9780471786245 (hbd) | ||
| 024 | _a80984 | ||
| 037 |
_b190, 19/03/2008, Dhanraj Book House _cTextual |
||
| 040 |
_aCDL _cCDL _beng |
||
| 041 |
_2eng _aeng |
||
| 082 | _aE9G:81, P8 Carc | ||
| 100 |
_aBanerjee Ruma _9718102 |
||
| 245 | 0 |
_aRedox biochemistry _b Becker Donald Dickman Martin Gladyshev Vadim Ragsdale Stephen |
|
| 260 |
_aNew _bJersey John Wiley & Sons, Inc. _c2008 |
||
| 300 |
_axx, 317p _ccm. |
||
| 500 | _aIncludes bibliographical references.; Index 285-317p. | ||
| 650 |
_a Oxidation-reduction reaction-physiological effect _9718103 |
||
| 650 | _aChemistry | ||
| 700 |
_a Becker Donald _9718104 |
||
| 700 |
_a Dickman Martin _9718105 |
||
| 700 |
_a Gladyshev Vadim _9718106 |
||
| 700 |
_a Ragsdale Stephen _9718107 |
||
| 942 |
_hE9G:81, P8 Carc _cTEXL _2CC |
||
| 999 |
_c1212636 _d1212636 |
||